000 00539nam a2200217Ia 4500
999 _c24920
_d24920
003 0100
005 20180301091619.0
008 130303s9999 xx 000 0 und d
040 _cARRUPELIB
050 _aDT797.K37 1982
100 _aKatz, Richard
_939906
245 _aBoiling energy:
_bcommunity healing among the Kalahari Kung /
260 _aMassachusetts
_bHarvard University Press
_c1982
300 _axix
300 _b 329p. 22cm.
650 _aKung (African people)
_xMedicine
_939907
650 _aMedicine, Primitive
_zAfrica, Southern
_939908
650 _aMedicine Primitive
_zBotswana
_939909
942 _2lcc
_cMONOGRAPH